| 000 | 00945pam a2200253 a 4500 | ||
|---|---|---|---|
| 001 | 015434207 | ||
| 003 | OSt | ||
| 005 | 20141209155545.0 | ||
| 008 | 091124s2009 xxke fr 000 0 eng d | ||
| 020 | _a9781906659257 (cased) | ||
| 020 | _a1906659257 (cased) | ||
| 040 |
_aStDuBDS _beng _cStDuBDS _dUk _dEG-ScBUE |
||
| 082 | 0 | 0 |
_a332.63 _222 _bWAL |
| 100 | 1 |
_aWalne, Toby _936842 |
|
| 245 | 1 | 0 |
_a101 extraordinary investments : _bcurious, unusual and bizarre ways to make money : a handbook for the adventurous collector / _cdiscovered and explored by Toby Walne. |
| 246 | 3 | _aOne hundred and one extraordinary investments | |
| 246 | 3 | _aHundred and one extraordinary investments | |
| 260 |
_aHampshire, United Kingdom : _bHarriman House LTD, _c2009. |
||
| 300 |
_axi, 306 p. : _bplans ; _c22 cm. |
||
| 650 | 0 |
_aCollectibles as an investment _936843 |
|
| 653 |
_bBUSADM _cDecember2014 |
||
| 655 |
_vreading book _934232 |
||
| 942 |
_2ddc _k332.63 WAL |
||
| 999 |
_c18740 _d18712 |
||